000 00705nab a22002297a 4500
001 08841
003 HDC
007 cr bn ---aaaaa
008 210128c20180620my ||||| |||| 00| 00may d
040 _aHDC
245 0 _aMalaysia berpotensi jadi hab pusat data serantau
336 _atext
_2rdacontent
337 _acomputer
_2rdamedia
338 _aonline resource
_2rdacarrier
650 _aEconomy
_91877
650 _aTechnology
_94714
710 _aBerita Harian
856 _zRequest full-text at [email protected]
942 _2lcc
942 _cNEWS
942 _kNWSC 002214
999 _c6164
_d6164